00867nam a2200181 a 4500001001000000003000400010005001700014008004100031040002500072082001500097100005900112245029100171260005900462300002000521942001400541952011300555999001700668000044098OSt20240229073938.0140515s1960 dr 000 0 spa d aDO-SdBNPbspacBNPHU axxxxbxxxx1 aTrujillo Molina, Rafael Leónidas,d 1891-196197676410aSpeech delivered by Generalissimo Doctor Rafael Leonidas Trujillo Molina, benefactor of the nation and father of the new nation : at San Juan de la Maguana, on the 22nd December 1959, on ocassion of the 104th anniversary of the Battle of Santomé. /cRafael Leónidas Trujillo Molina. aCiudad Trujillo, Dominican Republic :b[s. n.],c1960. a15 p. ;c23 cm. 2ddccLBS1 001050718RVaPDbPDcHDd2014-05-15iLF1l0oxxxx xxxxp44098-10r2020-06-25w2020-06-25y1ZNo se presta c43587d43587